000 00593nam a2200181Ia 4500
999 _c37146
_d37146
003 OSt
005 20200818101320.0
008 190216s9999||||xx |||||||||||||| ||und||
020 _a9783642166341
040 _coclc
082 _a548.83
_bWAS/X
100 _aWaseda, Yoshio
_94170
245 0 _aX-Ray Diffraction Crystallography :
_b Introduction, Examples And Solved Problems /
_cYoshio Waseda ; Eiichiro Matsubara ; Kozo Shinoda
260 _bSpringer,
_c2011.
_aNew York:
300 _a310p
650 _aPhysics
942 _cREF
_2ddc
_h548.83
_iWAS/X
_k548.83
_mWAS/X